| 000 | 00666cab a2200193 4500 | ||
|---|---|---|---|
| 001 | ABS41479 | ||
| 008 | 090401t1989 xxu||||| |||| 00| 0 eng d | ||
| 035 | _a(Sirsi) u30459 | ||
| 041 | _aeng | ||
| 100 | _aColborne, A. | ||
| 245 | _aValuation: the profits method | ||
| 260 | _c1989 | ||
| 350 | _a0 | ||
| 490 |
_aEstates Gazette _v(8936) 9 September 1989, 24-26(2) |
||
| 520 | _aOutlines the results of a research project undertaken jointly by Bristol Polytechnic and the RICS into the profits method of valuation , illustrating how it can be used for the valuation of capital assets . | ||
| 690 | _aRATING AND VALUATION | ||
| 942 | _n0 | ||
| 948 | _c04/03/1997 | ||
| 999 |
_c20532 _d20532 |
||